| 000 | 00358nam a2200133 a 4500 | ||
|---|---|---|---|
| 005 | 20140414131856.0 | ||
| 008 | 100828s19uu xx 00 eng d | ||
| 050 |
_aFIL _bB83 2004 |
||
| 100 | _aRemigio, Ma. Corazon | ||
| 245 | _aBru-ha-ha-ha-ha-ha... bru-hi-hi-hi-hi-hi. | ||
| 260 |
_aManila, Philippines : _bAdarna, _c2004. |
||
| 440 | _a | ||
| 999 |
_c110462 _d110462 |
||